[Event "Castelldefels-B"]
[Site "Castelldefels"]
[Date "2001.??.??"]
[Round "4"]
[White "Campoy, Antonio"]
[Black "Grima Crespo, Esteban"]
[Result "0-1"]
[WhiteElo "2095"]
[BlackElo "2030"]
[PlyCount "108"]
[EventDate "2001.05.??"]
[EventType "tourn"]
[EventRounds "9"]
[EventCountry "ESP"]
[SourceTitle "EXT 2002"]
[Source "ChessBase"]
[SourceDate "2001.11.25"]
[SourceVersion "1"]
[SourceVersionDate "2001.11.25"]
[SourceQuality "1"]

1. d4 f5 2. Bf4 Nf6 3. e3 d5 4. Be5 Nbd7 5. f4 e6 6. Nf3 Ng4 7. Qe2 b6 8. h3 Ngxe5 9. Nxe5 Qh4+ 10. g3 Qxg3+ 11. Kd1 a5 12. Nd2 Ba6 13. Qf3 Qxf3+ 14. Ndxf3 Bxf1 15. Rxf1 Nxe5 16. Nxe5 Bd6 17. Nf3 c5 18. c3 0-0 19. Ke2 h6 20. Rg1 Rac8 21. Rg6 Rf6 22. Rg2 Rc7 23. Rag1 Kh7 24. Kd3 c4+ 25. Ke2 b5 26. h4 b4 27. h5 bxc3 28. bxc3 Rb7 29. Kd1 Rb1+ 30. Kc2 Rxg1 31. Rxg1 g6 32. Rb1 gxh5 33. Rb7+ Kg8 34. Rb6 Bc7 35. Rc6 Bd8 36. Rc8 Rf8 37. Rb8 h4 38. Rb1 Kh7 39. Kd2 Rg8 40. Rg1 Rxg1 41. Nxg1 a4 42. Ke1 Kg6 43. Kf2 Kh5 44. Kf3 Ba5 45. Ne2 h3 46. Kg3 h2 47. Kxh2 Kg4 48. Kg2 h5 49. Ng1 Bxc3 50. Nf3 h4 51. Ne5+ Kh5 52. Nf3 Bb4 53. Ne5 c3 54. Nd3 c2 0-1